000 00875nam a2200229Ia 4500
001 16923
003 GE_BSU
008 181216s||||||||xx |||||||||||||| ||und||
040 _cGE_BSU
080 _a821.161.1-32
100 _aტურგენევი, ივ.
245 _aსტეპის მეფე ლირი; ზედმეტი ადამიანის დღიური
245 _bმოთხრობები
245 _cთარგმნა ე. მაისურაძემ. რედ.ე.კეჭაყმაძე
260 _aთბილისი
260 _bმერანი
260 _c1985
300 _a138გვ. ; 21სმ.
653 _aმოთხრობები
653 _aსტეპის მეფე ლირი; ზედმეტი ადამიანის დღიური
942 _cBK
999 _c49987
_d49987